Manual of salivary gland diseases
Salvato in:
| Natura: | Libro |
|---|---|
| Lingua: | inglese |
| Pubblicazione: |
Jaypee Brothers Medical Publishers
2014
|
| Tags: |
Aggiungi Tag
Nessun Tag, puoi essere il primo ad aggiungerne!!
|
MARC
| LEADER | 00000nam a22000007a 4500 | ||
|---|---|---|---|
| 008 | 231220b |||||||| |||| 00| 0 eng d | ||
| 020 | |a 9789350906958 | ||
| 245 | |a Manual of salivary gland diseases |c /B.Sivapathasunharam |g 206p;ill | ||
| 260 | |b Jaypee Brothers Medical Publishers |c 2014 |h New Delhi |i 701462 |i 701463 |l RC815.5.Si9 |m Salivary glands-Diseases - Handbooks, manuals, etc |m Salivary glands - Surgery- Handbooks, manuals, etc | ||
| 500 | |a it includes index | ||
| 942 | |a lcc |c BK |e Johnson |f 20/12/23 | ||
| 952 | |0 0 |1 0 |2 lcc |4 0 |6 RC08155 S I9 |7 0 |9 4701 |a HE |b HOL |c QZ |d 2023-12-20 |l 0 |o RC815.5.Si9 |p 2023-0614 |r 2023-12-20 00:00:00 |t 701462 |w 2023-12-20 |y BK | ||
| 952 | |0 0 |1 0 |2 lcc |4 0 |6 RC08155 S I9 |7 0 |9 4702 |a HOL |b HOL |c QZ |d 2023-12-20 |l 0 |o RC815.5.Si9 |p 2023-0615 |r 2023-12-20 00:00:00 |t 701463 |w 2023-12-20 |y BK | ||
| 999 | |c 2357 |d 2357 | ||